00647nam a2200193 a 4500008004100000020001500041050001300056100003200069245013800101260004000239300002100279350000900300650003600309650004100345650001400386700001900400700001900419710001500438120416s1993 ||||||||||||||||| || u a082132425X aIBRD(02) aGrootaert, Christiaan, 195010aUnderstanding the social effects of policy reformcedited by Lionel Demery, Marco Ferroni, Christiaan Grootaert with Jorge Wong-Valle aWashington, D. C.bWorld Bankc1993 avi, 223p. : ill. a0.00 aAFRICA--SOCIAL CONDITIONS--1960 aECONOMIC DEVELOPMENT--SOCIAL ASPECTS aTEXTBOOKS aFerroni, Marco aDeremy, Lionel aWorld Bank